000
00358nam a2200157Ia 4500
003
IT-RoPAU
008
120407s9999 xx 000 0 und d
040
_a
IT-RoPAU
040
_c
IT-RoPAU
100
_a
Mario Midali
245
_a
Secolarità, laicità, consacrazione e apostolato
260
_a
Salesianum
300
_c
cm
490
_v
1
942
_c
BK
999
_c
10506
_d
10506